LEADER 01386nam a2200301 u 4500 001 000000061042 003 CaOOAMICUS 005 20070226121000.0 008 010829s1999 it u000 u spa u 035 $a10900463 040 $aPUL(R)$bita 100 1 $aEspiga, José Luis Richard.$0(OLS)http://pul/name/41646 245 10$aVerdad para vivir :$bel problema del sentido de la vida según Ortega y Gasset /$cJosé Luis Richard Espiga. 260 $aRoma :$b[s.n.],$c1999. 300 $a180 p. ;$c24 cm 500 $aIn testa al front.: "Ateneo Pontificio Regina Apostolorum. Facultad de Filosofía". 502 $aDiss. (Doct.) -- Pontificio Ateneo Regina Apostolorum. Facultad de Filosofía, 1999. 504 $aBibliografia: p. 169-178. 600 14$aOrtega y Gasset, José,$d1883-1955.$0(OLS)http://pul/subject/23403 650 4$aVita.$0(OLS)http://pul/subject/12200 650 4$aVocazione.$0(OLS)http://pul/subject/7791 710 2 $aAteneo Pontificio Regina Apostolorum.$0(OLS)http://pul/name/41647 850 $aPUL 852 $aPUL$W1$xDP1 Tesi At Regina Apostolorum$y42$mTH REG 8$j79609$nBK-PRI$qTesi$B79609$CPULBib$Z2$F79609 $82 941 1 $a16 961 $aINV: 83468 996 $6245$aVerdad para vivir :$bel problema del sentido de la vida según Ortega y Gasset$9(OLS)http://pul/title/81531 996 $6260$aRoma :$b[s.n.]$9(OLS)http://pul/publisher/47958 LEADER 01036nam a2200277 a 4500 001 000000143427 003 CaOOAMICUS 005 20150520103028.0 008 150520m20049999it a u000 u ita r 040 $aPUL$bita 082 04$a929.71 245 00$aLibro d'oro della nobiltà italiana. 250 $a22. ed. 260 $aRoma :$bCollegio araldico,$c[2004] 300 $av. :$bill. ;$c16 cm 500 $aData desunta dall'anno del v. 26. 505 1 $aV. 26. 2000-2004. 650 4$aNobiltà$zItalia.$0(OLS)http://pul/subject/13426 850 $aPUL 852 $aPUL$W1$xDP2 Filosofia 3$y112$m929. 71 COLAR 1$j165565$qDDC 21$B165829$CPULBib$Z2$F165829 $H125867 $82 941 1 $a9 961 $aTimbro: Dono della Fondazione donna Maria Marullo di Condojanni. 996 $6082$a929.71$9(OLS)http://pul/classification/2764 996 $6245$aLibro d'oro della nobiltà italiana$9(OLS)http://pul/title/181475 996 $6260$aRoma :$bCollegio araldico$9(OLS)http://pul/publisher/83397